000 00494cam a22001814a 4500
005 20250605164258.0
008 250528s ||||||||||||||||||||||||d
035 _a21960
040 _aGR-AtMCL
_bgre
_dGR-AtMCL
_eAACR2
245 1 _aΚΕΦΑΛΑΙΟ 3: ΓΕΝΙΚΟΣ ΧΕΙΡΙΣΜΟΣ, ΒΟΗΘΗΤΙΚΕΣ ΕΡΓΑΣΙΕΣ, REPORTING UTILITIES
250 _a1
260 _c1992
300 _a272
710 2 _aUnisoft
_99807
942 _cBK
999 _c7016
_d7016